00403 2200169 4500001002100000005001500021008004100036020001800077035001900095041000700114082000800121090001400129245002200143260003400165300001800199650001600217INLIS00000000000540920241224113108241224||||||||| | ||| |||| || |  a979-9481-65-1 0010-1224005409 aid0 a813 a813 DOS F00aFYODOR DOSTOEVSKY bYayasan Nuansa Cendekiac2004 a100HML,;18 CM 0aKESUSASTRAN